|
|
|
|
| LEADER |
00000nam0a2200000 4500 |
| 001 |
33263 |
| 005 |
20231030212612.0 |
| 035 |
|
|
|a (RuTPU)RU\TPU\book\33591
|
| 035 |
|
|
|a BOOK00000242
|
| 090 |
|
|
|a 33263
|
| 100 |
|
|
|a 20011210d1960 m y0rusy50 ca
|
| 101 |
0 |
|
|a rus
|
| 102 |
|
|
|a RU
|
| 105 |
|
|
|a y j 000zy
|
| 200 |
1 |
|
|a Технология и оборудование контактной электросварки
|e учебное пособие
|f А. С. Гельман
|
| 210 |
|
|
|a Москва
|c Машиностроение
|d 1960
|
| 215 |
|
|
|a 367 с.
|
| 610 |
1 |
|
|a сварка контактная
|
| 610 |
1 |
|
|a технология
|
| 610 |
1 |
|
|a оборудование
|
| 610 |
1 |
|
|a теория
|
| 610 |
1 |
|
|a технологические процессы
|
| 610 |
1 |
|
|a аппаратура
|
| 610 |
1 |
|
|a учебные пособия
|
| 675 |
|
|
|a 621.791.761(075.8)
|v 3
|
| 675 |
|
|
|a 621.791.7(075.8)
|v 3
|
| 700 |
|
1 |
|a Гельман
|b А. С.
|g Александр Самуилович
|
| 801 |
|
0 |
|a RU
|b 63413507
|c 20011210
|g PSBO
|
| 801 |
|
2 |
|a RU
|b 63413507
|c 20221031
|g PSBO
|
| 900 |
|
|
|a Технологические основы сварки давлением
|
| 900 |
|
|
|a Технология и оборудование контактной сварки
|
| 942 |
|
|
|c BK
|